Business Communication (Record no. 4424)

MARC details
000 -LEADER
fixed length control field 00334nam a2200145Ia 4500
008 - FIXED-LENGTH DATA ELEMENTS--GENERAL INFORMATION
fixed length control field 191201s2009 xx 000 0 und d
082 ## - DEWEY DECIMAL CLASSIFICATION NUMBER
Classification number 658.45
Item number CHB
100 ## - MAIN ENTRY--PERSONAL NAME
Personal name CHATURVEDI,PD
245 #0 - TITLE STATEMENT
Title Business Communication
250 ## - EDITION STATEMENT
Edition statement 7th IMP
260 ## - PUBLICATION, DISTRIBUTION, ETC. (IMPRINT)
Place of publication, distribution, etc N. delhi
Name of publisher, distributor, etc pearson
Date of publication, distribution, etc 2009
300 ## - PHYSICAL DESCRIPTION
Extent 500
650 ## - SUBJECT ADDED ENTRY--TOPICAL TERM
Topical term or geographic name as entry element BBA
942 ## - ADDED ENTRY ELEMENTS (KOHA)
Source of classification or shelving scheme Dewey Decimal Classification
Koha item type Text Books
942 ## - ADDED ENTRY ELEMENTS (KOHA)
-- 2
Holdings
Withdrawn status Lost status Source of classification or shelving scheme Damaged status Not for loan Collection code Home library Current library Date acquired Source of acquisition Cost, normal purchase price Bill Number Total Checkouts Full call number Acc. no. / Barcode Date last seen Date last borrowed Bill Date Koha item type
    Dewey Decimal Classification     BBA PIET C-LIBRARY PIET C-LIBRARY 08/04/2010 J B C, New Delhi 399.00 SI-4892 1 658.45 CHB 14876 06/08/2022 02/08/2022 09/03/2010 Text Books
    Dewey Decimal Classification     BBA PIET C-LIBRARY PIET C-LIBRARY 08/04/2010 J B C, New Delhi 399.00 SI-4892   658.45 CHB 14877 04/12/2019   09/03/2010 Text Books
    Dewey Decimal Classification     BBA PIET C-LIBRARY PIET C-LIBRARY 23/04/2010 J B C, New Delhi 399.00 SI-4892 1 658.45 CHB 14952 08/04/2022 29/03/2022 09/03/2010 Text Books
    Dewey Decimal Classification     BBA PIET C-LIBRARY PIET C-LIBRARY 23/04/2010 J B C, New Delhi 399.00 SI-4892 1 658.45 CHB 14953 06/09/2023 21/08/2023 09/03/2010 Text Books
    Dewey Decimal Classification     BBA PIET C-LIBRARY PIET C-LIBRARY 23/04/2010 J B C, New Delhi 399.00 SI-4892   658.45 CHB 14954 04/12/2019   09/03/2010 Text Books
    Dewey Decimal Classification     BBA PIET C-LIBRARY PIET C-LIBRARY 23/04/2010 J B C, New Delhi 399.00 SI-4892 1 658.45 CHB 14955 25/05/2026 20/05/2026 09/03/2010 Text Books

Design & Developed by: PIET Central Library
R70 Miles Stone Pattikalyana Samalkha Panipat 132102
mail ID :- [email protected], Phone No:- 0180-2569700 Ex.216